[Event "ch-FRA Blitz Online Qual"]
[Site "Europe-Chess INT"]
[Date "2020.05.16"]
[Round "15"]
[White "Roussel, Simon"]
[Black "Rousseau, Matthieu"]
[Result "1-0"]
[WhiteElo "2140"]
[BlackElo "1862"]
[WhiteFideId "26025710"]
[BlackFideId "26049724"]
[EventDate "2020.05.16"]

1. b3 d5 2. Bb2 c6 3. e3 Bf5 4. f4 e6 5. Nf3 Be4 6. Be2 Bxf3 7. Bxf3 f5 8. O-O
Nf6 9. c4 Nbd7 10. cxd5 cxd5 11. Nc3 a6 12. Rc1 Rc8 13. Ne2 Rxc1 14. Qxc1 Bd6
15. Nd4 Kf7 16. Ba3 Nb6 17. h3 Qe7 18. Bxd6 Qxd6 19. g4 Rc8 20. Qb1 fxg4 21.
hxg4 g6 22. g5 Nfd7 23. Bg4 Nc5 24. b4 Ne4 25. Bxe6+ Kg7 26. Bxc8 Nxd2 27. Qb2
Nxf1 28. Nf5+ Kf8 29. Qh8+ Kf7 30. Qg7+ Ke8 31. Nxd6+ Kd8 32. Bxb7 Nxe3 33. Bc6
d4 34. Qxd4 Kc7 35. Qxe3 Kxc6 36. Ne8 Kb5 37. Nf6 Kxb4 38. Qxb6+ Ka3 39. Kf2 h5
40. Ke2 h4 41. Qb3# 1-0

[Event "ch-FRA Blitz Online Qual"]
[Site "Europe-Chess INT"]
[Date "2020.05.16"]
[Round "15"]
[White "Poulet, Benoit"]
[Black "Afraoui, Anaelle"]
[Result "1-0"]
[BlackTitle "WFM"]
[WhiteElo "2094"]
[BlackElo "2120"]
[WhiteFideId "26085844"]
[BlackFideId "20654383"]
[EventDate "2020.05.16"]

1. d4 d6 2. Nc3 Nf6 3. Bf4 g6 4. e4 Bg7 5. Qd2 h6 6. O-O-O g5 7. Be3 Ng4 8. f3
Nxe3 9. Qxe3 Nd7 10. h4 gxh4 11. Rxh4 c6 12. Bc4 Qa5 13. Bb3 Nb6 14. Qf4 Be6 15.
Bxe6 fxe6 16. Rg4 Bf6 17. Kb1 O-O-O 18. Rg6 Nc4 19. Qg4 Qb4 20. Qxe6+ Kb8 21. b3
Na3+ 22. Kb2 Bxd4 23. Ne2 Bf6 24. Rxf6 exf6 25. Rd4 Qc5 26. b4 Qb6 27. Kxa3 c5
28. bxc5 dxc5 29. Qxb6 axb6 30. Rxd8+ Rxd8 31. Nd5 Rg8 32. Nef4 Rd8 33. Nxf6 Rd2
34. e5 Rxc2 35. e6 Rc3+ 36. Kb2 Re3 37. Ne4 Kc8 38. Nd5 Re2+ 39. Kc3 Rxg2 40. e7
Kd7 41. Nef6+ Kd6 42. e8=Q 1-0

[Event "ch-FRA Blitz Online Qual"]
[Site "Europe-Chess INT"]
[Date "2020.05.16"]
[Round "15"]
[White "Louvrier Saint-Mary, Jean-Roger"]
[Black "Calvo, Dylan"]
[Result "0-1"]
[WhiteElo "1780"]
[BlackElo "2018"]
[WhiteFideId "618349"]
[BlackFideId "36019410"]
[EventDate "2020.05.16"]

1. b3 e5 2. Bb2 Nc6 3. e3 d6 4. g3 h5 5. Bg2 h4 6. Nc3 hxg3 7. hxg3 Rxh1 8. Bxh1
Nf6 9. Qe2 d5 10. O-O-O Be6 11. f4 e4 12. d3 Bg4 13. Qd2 Bxd1 14. Nxd1 Bb4 15.
c3 Bc5 16. d4 Bd6 17. Nf2 Qe7 18. g4 O-O-O 19. g5 Nd7 20. Qe2 Kb8 21. Kb1 Ba3
22. Ba1 Na5 23. Qb5 b6 24. Bg2 c6 25. Qa4 Bd6 26. Bf1 Nb7 27. Ba6 c5 28. Ne2 Nf8
29. c4 dxc4 30. bxc4 Ne6 31. Nxe4 Nc7 32. Nxd6 Rxd6 33. dxc5 Nxc5 34. Qb5 Nxb5
35. Bxb5 Qe4+ 0-1

[Event "ch-FRA Blitz Online Qual"]
[Site "Europe-Chess INT"]
[Date "2020.05.16"]
[Round "15"]
[White "Jouneau, Quentin"]
[Black "Villeneuve, Samuel"]
[Result "1/2-1/2"]
[WhiteElo "2018"]
[BlackElo "1807"]
[WhiteFideId "649716"]
[BlackFideId "20642105"]
[EventDate "2020.05.16"]

1. e4 c5 2. Nf3 Nc6 3. Nc3 e6 4. d4 cxd4 5. Nxd4 Nf6 6. Be3 Bb4 7. Qd3 d5 8.
Nxc6 bxc6 9. f3 O-O 10. Be2 c5 11. a3 Bxc3+ 12. bxc3 c4 13. Qd4 Bd7 14. O-O Qa5
15. e5 Ne8 16. f4 Nc7 17. Qc5 Qxc5 18. Bxc5 Rfc8 19. Rfb1 Nb5 20. Bd4 Nxd4 21.
cxd4 Rab8 22. c3 Ba4 23. Rb4 Bb3 24. Bd1 a5 25. Rxb8 Rxb8 26. Rb1 a4 27. Kf2 Kf8
28. Ke3 g6 29. Kd2 Ke7 30. Be2 Kd8 31. g4 Kc7 32. h4 Ba2 33. Rxb8 Kxb8 34. h5
Bb1 35. Ke3 Kc7 36. Kf3 Bc2 37. Kg3 Kd7 38. Kh4 Ke7 39. Kg5 Bb3 40. Kh6 gxh5 41.
gxh5 Bc2 42. Kg7 Ke8 43. h6 Ke7 44. Bh5 Bg6 45. Bxg6 fxg6 46. Kxh7 Kf7 47. Kh8
Kf8 48. Kh7 Kf7 49. Kh8 Kf8 50. Kh7 Kf7 1/2-1/2

[Event "ch-FRA Blitz Online Qual"]
[Site "Europe-Chess INT"]
[Date "2020.05.16"]
[Round "15"]
[White "Leccia, Antoine"]
[Black "Maugenest, Ghislain"]
[Result "0-1"]
[WhiteElo "1950"]
[BlackElo "2013"]
[WhiteFideId "36087262"]
[BlackFideId "36029483"]
[EventDate "2020.05.16"]

1. d4 d5 2. Nf3 Nf6 3. e3 c5 4. Nbd2 Nc6 5. dxc5 e5 6. Bb5 Qc7 7. a3 Be7 8. b4
O-O 9. O-O Bg4 10. Be2 Rfe8 11. Bb2 Bf8 12. c4 Rad8 13. Qc2 e4 14. Nd4 Nxd4 15.
Bxd4 Bxe2 16. Nxe4 Nxe4 17. Qxe2 dxc4 18. Qxc4 Nd2 19. Qc3 Nxf1 20. Rxf1 f6 21.
Rc1 Qf7 22. h3 h5 23. Qb2 Rd5 24. Qb3 Red8 25. Qa4 a6 26. c6 bxc6 27. Qxa6 Rg5
28. Qxc6 Qd5 29. f4 Rxg2+ 30. Kf1 Ra2 31. Qxd5+ Rxd5 32. Rc3 f5 33. Rc8 Kf7 34.
Rc7+ Kg6 35. Rc8 Be7 36. Rc6+ Rd6 37. Rc7 Bf6 38. Bc5 Rd1# 0-1

[Event "ch-FRA Blitz Online Qual"]
[Site "Europe-Chess INT"]
[Date "2020.05.16"]
[Round "15"]
[White "Azymah, Remy"]
[Black "Berger Dit Lacroix, Kilian"]
[Result "1-0"]
[WhiteElo "1934"]
[BlackElo "2129"]
[WhiteFideId "26014300"]
[BlackFideId "36091855"]
[EventDate "2020.05.16"]

1. e4 c5 2. Nf3 g6 3. d4 cxd4 4. Nxd4 Bg7 5. Nc3 Nc6 6. Be3 Nf6 7. Bc4 Qa5 8.
O-O O-O 9. Bb3 d6 10. h3 Bd7 11. Re1 Rac8 12. Nf3 Ne5 13. Nxe5 Qxe5 14. Bxa7 Nh5
15. Be3 Bc6 16. f3 Nf4 17. Qd2 Ne6 18. Qf2 g5 19. Nd5 Bxd5 20. Bxd5 Nf4 21. Bb3
Qxb2 22. Rab1 Qf6 23. Bxf4 Qxf4 24. Bd5 Be5 25. Rxb7 Qh2+ 26. Kf1 Qh1+ 27. Qg1
Qxg1+ 28. Kxg1 Rxc2 29. Rxe7 Rxa2 30. Bxa2 Kg7 31. Bd5 Kf6 32. Rb7 h5 33. Rc1
Ra8 34. Rcc7 Ra1+ 35. Kf2 Ra2+ 36. Ke1 Ra1+ 37. Ke2 Rg1 38. Rxf7+ Kg6 39. Rf5
Rxg2+ 40. Kd3 Bf4 41. Rff7 Be5 42. Rf8 Rg3 43. Rg8+ Kh6 44. Rf7 Rxh3 45. Rgf8 g4
46. Kc4 g3 47. Rg8 Rh4 48. Rf5 Kh7 49. Kb5 Rh1 50. Kc6 Rc1+ 51. Kd7 Rc5 52. Ke6
Rxd5 53. exd5 Kxg8 54. Rg5+ Kh7 55. Rxh5+ Kg6 56. Rh4 Kg5 57. Rg4+ Kh5 58. Kf5
Kh6 59. Ke4 Kh5 60. Ke3 Kh6 61. Ke2 Kh5 62. Kf1 Kh6 63. Kg2 Kh5 64. Rg8 Kh4 65.
Rg4+ Kh5 66. Kh3 Kh6 67. Rxg3 Bxg3 68. Kxg3 Kg5 69. f4+ Kf5 70. Kf3 Kf6 71. Kg4
Kg6 72. f5+ Kf6 73. Kf4 Kf7 74. Kg5 Kg7 75. f6+ Kf7 76. Kf5 Ke8 77. Ke6 Kf8 78.
Kxd6 Kf7 79. Ke5 Ke8 80. Ke6 Kd8 81. f7 Kc7 82. f8=Q Kb6 83. d6 Kc5 84. d7+ Kc6
85. d8=Q Kb5 86. Qf5+ Ka6 87. Qd6+ Kb7 88. Qfd5+ Ka7 89. Q5c5+ Kb7 90. Qcc7+ Ka8
91. Qdd8# 1-0

[Event "ch-FRA Blitz Online Qual"]
[Site "Europe-Chess INT"]
[Date "2020.05.16"]
[Round "15"]
[White "Bailly, Thierry"]
[Black "Acudad, Marsuk"]
[Result "1/2-1/2"]
[WhiteElo "1989"]
[BlackElo "1665"]
[WhiteFideId "26051680"]
[BlackFideId "689157"]
[EventDate "2020.05.16"]

1. e4 e6 2. Nf3 d5 3. exd5 exd5 4. d4 Nf6 5. Bd3 Bd6 6. O-O O-O 7. Re1 h6 8. h3
Nc6 9. c3 Re8 10. Nbd2 Rxe1+ 11. Qxe1 Ne7 12. Nf1 Bf5 13. Bxf5 Nxf5 14. Ne3 Nxe3
15. Bxe3 Qd7 16. Qf1 Re8 17. Re1 Ne4 18. Nd2 Nxd2 19. Bxd2 Rxe1 20. Qxe1 Qf5 21.
a3 c6 22. Qe3 g5 23. Qe1 Kg7 24. Be3 Kg6 25. g4 Qf3 26. Qb1+ Kg7 27. Qf1 f5 28.
gxf5 Qxf5 29. Qg2 Kf7 30. Qg4 Qxg4+ 31. hxg4 Kg6 32. Kg2 h5 33. gxh5+ Kxh5 34.
a4 Kg4 35. a5 Kf5 36. f3 a6 37. b3 Bf4 38. Kf2 Bd6 39. c4 dxc4 40. bxc4 Bb4 1/2-1/2

[Event "ch-FRA Blitz Online Qual"]
[Site "Europe-Chess INT"]
[Date "2020.05.16"]
[Round "15"]
[White "Triton, Maxime"]
[Black "Suez-Panama, Gilles"]
[Result "1-0"]
[WhiteElo "1843"]
[BlackElo "1943"]
[WhiteFideId "36062979"]
[BlackFideId "620165"]
[EventDate "2020.05.16"]

1. e4 e6 2. d3 d5 3. Qe2 Nf6 4. g3 Be7 5. Bg2 c5 6. Nf3 Nc6 7. O-O O-O 8. e5 Nd7
9. Re1 b5 10. c4 bxc4 11. dxc4 Ba6 12. b3 Rc8 13. Nbd2 Nb6 14. Bb2 dxc4 15. Nxc4
Nxc4 16. bxc4 Na5 17. Rac1 Qb6 18. Ba1 Qb4 19. Qe4 Bxc4 20. Bc3 Qb5 21. Bxa5 Bd5
22. Qf4 Qxa5 23. Rc2 Bxf3 24. Bxf3 Qxe1+ 25. Kg2 c4 26. Be4 g6 27. Qf3 c3 28.
Re2 Qa1 29. h3 Bg5 30. h4 Bd2 31. h5 Qxa2 32. h6 1-0

[Event "ch-FRA Blitz Online Qual"]
[Site "Europe-Chess INT"]
[Date "2020.05.16"]
[Round "15"]
[White "Quartararo, Pierre"]
[Black "Kantzer, Romain"]
[Result "0-1"]
[WhiteElo "1909"]
[BlackElo "1930"]
[WhiteFideId "614491"]
[BlackFideId "26024640"]
[EventDate "2020.05.16"]

1. d4 Nf6 2. c4 e6 3. Nf3 Bb4+ 4. Bd2 Qe7 5. a3 Bxd2+ 6. Nbxd2 d6 7. Qc2 Nbd7 8.
e3 e5 9. d5 O-O 10. Be2 a5 11. O-O a4 12. b4 axb3 13. Nxb3 b6 14. a4 Nc5 15.
Nxc5 bxc5 16. a5 Bg4 17. Ne1 Bxe2 18. Qxe2 Ra6 19. f3 Rfa8 20. Qd2 e4 21. f4 c6
22. dxc6 Rxc6 23. g3 Qc7 24. Ng2 Rca6 25. h3 Rxa5 26. Qb2 h6 27. f5 Qa7 28. Rxa5
Qxa5 29. Rb1 Kh7 30. Nf4 Qa4 31. Rc1 Qd7 32. g4 Ra4 33. Qc2 Qa7 34. Nd5 Nxd5 35.
cxd5 Ra2 36. Qxe4 Ra4 37. Qf3 c4 38. g5 Ra3 39. Re1 c3 40. g6+ Kg8 41. f6 fxg6
42. Qf4 c2 43. Qxd6 Rxe3 44. f7+ Kxf7 45. Qf4+ Kg8 46. Qxe3 Qxe3+ 47. Rxe3 c1=Q+
48. Kf2 Qd2+ 49. Kf3 Qxd5+ 50. Re4 Qf5+ 51. Ke3 Qxh3+ 52. Kd4 g5 53. Re8+ Kh7
54. Re5 g4 0-1

[Event "ch-FRA Blitz Online Qual"]
[Site "Europe-Chess INT"]
[Date "2020.05.16"]
[Round "15"]
[White "Moracchini, Margaux"]
[Black "Bournel, Antoine"]
[Result "0-1"]
[WhiteElo "1933"]
[BlackElo "2238"]
[WhiteFideId "36018198"]
[BlackFideId "26093553"]
[EventDate "2020.05.16"]

1. e4 g6 2. d4 Bg7 3. Nc3 a6 4. a4 b6 5. g3 Bb7 6. Bg2 d6 7. Nge2 c5 8. Be3 Nc6
9. O-O Nf6 10. h3 O-O 11. Qd2 cxd4 12. Nxd4 Ne5 13. b3 Rc8 14. f4 Ned7 15. Rad1
Qc7 16. Nde2 Nc5 17. Bd4 e5 18. Bxc5 Qxc5+ 19. Kh2 exf4 20. gxf4 Nh5 21. Nd5
Rfe8 22. c4 b5 23. axb5 axb5 24. Rc1 bxc4 25. Rxc4 Qa3 26. Rxc8 Bxc8 27. Rc1 Be6
28. Nc7 Rf8 29. Nxe6 fxe6 30. Rc6 Nxf4 31. Nxf4 Be5 32. Kg1 Bxf4 33. Qc2 Qa1+
34. Bf1 Be3+ 35. Kh2 Qxf1 36. Qg2 Rf2 37. Rc8+ Kg7 38. Rc7+ Kh6 0-1

[Event "ch-FRA Blitz Online Qual"]
[Site "Europe-Chess INT"]
[Date "2020.05.16"]
[Round "15"]
[White "Kieffer, Anatole"]
[Black "Lardon, Quentin"]
[Result "0-1"]
[WhiteElo "2094"]
[BlackElo "2013"]
[WhiteFideId "20650027"]
[BlackFideId "36050407"]
[EventDate "2020.05.16"]

1. e4 c5 2. Nf3 Nc6 3. d4 cxd4 4. Nxd4 g6 5. Nc3 Bg7 6. Be3 d6 7. Be2 Bd7 8. O-O
Nf6 9. f4 O-O 10. Kh1 a6 11. Bf3 Rc8 12. Qe2 Nxd4 13. Bxd4 Bc6 14. Rad1 Qa5 15.
a3 Qc7 16. Rd2 b5 17. Re1 Bb7 18. Nd5 Nxd5 19. exd5 Bxd4 20. Rxd4 Qxc2 21. Qxe7
Qxb2 22. Rd3 Rc1 23. Re3 Rxe1+ 24. Rxe1 Qd2 25. Rd1 Qxf4 26. Qxb7 Qa4 27. Qe7
Qxa3 28. h4 Qb4 29. h5 Qf4 30. hxg6 hxg6 31. Kg1 Kg7 32. Qa7 Rh8 33. Qd4+ Qxd4+
34. Rxd4 Rb8 35. Kf2 Kf6 36. Ke3 b4 37. Rf4+ Ke7 38. Be4 b3 39. Bb1 Rb5 40. Rd4
a5 41. Ke4 f5+ 42. Kf4 Kf6 43. Rd1 a4 44. Rd4 a3 45. Ra4 a2 46. Bd3 0-1

[Event "ch-FRA Blitz Online Qual"]
[Site "Europe-Chess INT"]
[Date "2020.05.16"]
[Round "15"]
[White "Bellaiche, Elise"]
[Black "Siffert, Arman"]
[Result "1/2-1/2"]
[WhiteTitle "WFM"]
[WhiteElo "2036"]
[BlackElo "1887"]
[WhiteFideId "696366"]
[BlackFideId "45125350"]
[EventDate "2020.05.16"]

1. e4 b6 2. d4 Bb7 3. Nc3 g6 4. Bd3 Bg7 5. Be3 d6 6. Nf3 Nd7 7. Qd2 e6 8. O-O-O
h6 9. Kb1 a6 10. h4 b5 11. h5 g5 12. Ne2 Nb6 13. Nh2 Nc4 14. Qc1 Nxe3 15. fxe3
Qd7 16. Rhf1 Nf6 17. Ng3 O-O-O 18. c4 bxc4 19. Qxc4 d5 20. Qc2 Kb8 21. Nf3 dxe4
22. Nxe4 Nxe4 23. Bxe4 Bxe4 24. Qxe4 f5 25. Qd3 Qb5 26. Qc2 Rd7 27. Nd2 Qb7 28.
Nb3 Bf8 29. Na5 Qb6 30. Nc6+ Kb7 31. Ne5 Rg7 32. Rc1 Bd6 33. Nc4 Qb4 34. a3 Qb5
35. e4 Bf4 36. Rcd1 Rd8 37. exf5 exf5 38. Rfe1 Rgd7 39. Ne5 Bxe5 40. Rxe5 Qb6
41. Qxf5 Rxd4 42. Rxd4 Qxd4 43. Qe4+ Qxe4+ 44. Rxe4 Rd2 45. g4 Rg2 46. Re6 Rxg4
47. Rxh6 Rh4 48. Kc2 Rh3 49. Kd2 c6 50. Kc2 Kb6 51. Kd2 a5 1/2-1/2

[Event "ch-FRA Blitz Online Qual"]
[Site "Europe-Chess INT"]
[Date "2020.05.16"]
[Round "15"]
[White "Rasolo, Loick"]
[Black "Baroyan, Davit"]
[Result "0-1"]
[WhiteElo "1951"]
[BlackElo "2218"]
[WhiteFideId "36004049"]
[BlackFideId "26033607"]
[EventDate "2020.05.16"]

1. e4 c5 2. Nf3 Nc6 3. Nc3 d6 4. g3 Nf6 5. d3 d5 6. exd5 Nxd5 7. Bg2 Nxc3 8.
bxc3 Bg4 9. Be3 e6 10. Qd2 Be7 11. h3 Bh5 12. O-O O-O 13. Rab1 Qd7 14. Rb2 e5
15. g4 Bg6 16. Rfb1 b6 17. Qe2 Rac8 18. Nd2 f5 19. f3 Bf6 20. Rd1 Qe7 21. Rbb1
Bg5 22. Nc4 Bxe3+ 23. Qxe3 Bf7 24. Nd2 Bxa2 25. Ra1 Bd5 26. Re1 Rce8 27. f4 Bxg2
28. Kxg2 fxg4 29. fxe5 gxh3+ 30. Qxh3 Qg5+ 31. Kh1 Qxd2 32. e6 Qh6 33. Qxh6 gxh6
34. d4 cxd4 35. cxd4 Nxd4 36. Rxa7 Rxe6 37. Rd1 Nf3 38. Rdd7 Re1+ 39. Kg2 Rg1+
40. Kh3 Ng5+ 41. Kh2 Rg4 42. Rg7+ Kh8 43. Rgc7 Rg8 44. Kh1 Rh4+ 45. Kg2 Ne6+ 46.
Kf3 Nxc7 47. Rxc7 Rh3+ 48. Kf4 Rh2 49. c4 Rc2 50. Rc6 h5 51. Rxb6 Rxc4+ 52. Kf3
Ra8 53. Rh6 Ra3+ 54. Ke2 Rc2+ 55. Kd1 Rg2 56. Rxh5 Ra1# 0-1

[Event "ch-FRA Blitz Online Qual"]
[Site "Europe-Chess INT"]
[Date "2020.05.16"]
[Round "15"]
[White "Chung, Mathilde"]
[Black "Perez Marco, Ricardo"]
[Result "1-0"]
[WhiteTitle "WFM"]
[WhiteElo "2083"]
[BlackElo "2064"]
[WhiteFideId "676446"]
[BlackFideId "2256401"]
[EventDate "2020.05.16"]

1. d4 Nf6 2. c4 c5 3. d5 b5 4. cxb5 a6 5. bxa6 Bxa6 6. Nc3 d6 7. Nf3 g6 8. e4
Bxf1 9. Kxf1 Nbd7 10. g3 Bg7 11. Kg2 O-O 12. Re1 Ng4 13. Nd2 Qb8 14. Qxg4 Ne5
15. Qe2 c4 16. Nxc4 Nxc4 17. Qxc4 Rc8 18. Qd3 Qb4 19. a3 Qb3 20. Re3 Qb6 21. Nb5
Rc5 22. Nd4 Rxc1 23. Rxc1 Bxd4 24. Re2 Rb8 25. b4 Qa7 26. b5 Bc5 27. Ra1 Qa4 28.
Rb2 Bd4 29. Rb4 Qa7 30. Qxd4 Qxd4 31. Rxd4 Rxb5 32. a4 Ra5 33. Rb4 Kg7 34. Rb5 1-0

[Event "ch-FRA Blitz Online Qual"]
[Site "Europe-Chess INT"]
[Date "2020.05.16"]
[Round "15"]
[White "Herbin, Alexandre"]
[Black "Henry, Tony"]
[Result "1-0"]
[WhiteElo "1869"]
[BlackElo "1979"]
[WhiteFideId "36047783"]
[BlackFideId "622427"]
[EventDate "2020.05.16"]

1. e4 c5 2. Nf3 Nc6 3. d4 cxd4 4. Nxd4 g6 5. Be3 Bg7 6. Nc3 Nf6 7. Nxc6 bxc6 8.
e5 Ng8 9. Bd4 e6 10. Ne4 Ne7 11. Nd6+ Kf8 12. g4 Nd5 13. Bc5 Kg8 14. Qf3 f6 15.
O-O-O Rb8 16. Bd4 Nb4 17. exf6 Bh6+ 18. Kb1 Qa5 19. a3 Nd5 20. Bc4 Kf8 21. Bxd5
cxd5 22. h4 Ba6 23. g5 Rb6 24. Qf4 Rxd6 25. Qxd6+ Kf7 26. Qe7+ Kg8 27. f7# 1-0

[Event "ch-FRA Blitz Online Qual"]
[Site "Europe-Chess INT"]
[Date "2020.05.16"]
[Round "15"]
[White "Randrianarimanana, Alicia"]
[Black "Cuttoli, Alexandre"]
[Result "1-0"]
[WhiteElo "1971"]
[BlackElo "2044"]
[WhiteFideId "36034738"]
[BlackFideId "36007293"]
[EventDate "2020.05.16"]

1. d4 Nf6 2. c4 g6 3. Nc3 Bg7 4. e4 d6 5. f3 e5 6. Be3 Nc6 7. Nge2 exd4 8. Nxd4
Nxd4 9. Bxd4 O-O 10. Be2 Bh6 11. O-O Nh5 12. g3 Bh3 13. Re1 Qg5 14. Bf2 Rad8 15.
Nd5 c6 16. f4 Nxf4 17. Nxf4 f5 1-0

[Event "ch-FRA Blitz Online Qual"]
[Site "Europe-Chess INT"]
[Date "2020.05.16"]
[Round "15"]
[White "Capton, Rafael"]
[Black "Labrande, Theodore"]
[Result "1-0"]
[WhiteElo "1737"]
[BlackElo "2077"]
[WhiteFideId "36084778"]
[BlackFideId "36045780"]
[EventDate "2020.05.16"]

1. e4 c5 2. Nf3 Nc6 3. d4 cxd4 4. Nxd4 Nf6 5. Nc3 e5 6. Ndb5 d6 7. Bg5 a6 8. Na3
b5 9. Bxf6 gxf6 10. Nd5 f5 11. Bd3 Be6 12. c3 Bg7 13. Nc2 O-O 14. Nce3 Qg5 15.
Qf3 f4 16. Nf5 Bxf5 17. exf5 e4 18. Bxe4 Ne5 19. Qe2 Rae8 20. h4 Nd3+ 21. Qxd3
Qxg2 22. O-O-O Qxe4 23. f6 Bh6 24. Ne7+ Rxe7 25. fxe7 Qxe7 26. Rhg1+ Kh8 27.
Qd4+ f6 28. Rde1 Qd7 29. Kb1 Qf5+ 30. Qe4 Qc5 31. f3 d5 32. Qe6 Qf2 33. Qe2 Qc5
34. Qg2 Qc8 35. Qd2 Qf5+ 36. Qc2 Qh5 37. Qd3 Qxh4 38. Rh1 Qg5 39. Reg1 Qe5 40.
Rxh6 Re8 41. Qxh7# 1-0

[Event "ch-FRA Blitz Online Qual"]
[Site "Europe-Chess INT"]
[Date "2020.05.16"]
[Round "15"]
[White "Villeneuve, Robin"]
[Black "Perrin, Antoine"]
[Result "0-1"]
[WhiteElo "1662"]
[BlackElo "1967"]
[WhiteFideId "45100608"]
[BlackFideId "45127255"]
[EventDate "2020.05.16"]

1. e4 c5 2. d4 cxd4 3. c3 Nf6 4. e5 Nd5 5. cxd4 d6 6. Nf3 Nc6 7. Bc4 Nb6 8. Bb3
Bg4 9. Nc3 dxe5 10. dxe5 Qxd1+ 11. Bxd1 e6 12. Bf4 Be7 13. O-O O-O 14. h3 Bh5
15. g4 Bg6 16. Bb3 Rfd8 17. Rfd1 h6 18. Nb5 Nd5 19. Bxd5 Rxd5 20. Rxd5 exd5 21.
Rd1 Be4 22. Nd2 Bc2 23. Rc1 Bd3 24. Nc7 Rd8 25. Rc3 Bg6 26. Rb3 Nd4 27. Re3 Bc5
28. Re1 Bb4 29. Kh1 Be4+ 30. Rxe4 dxe4 31. Nxe4 Ne6 32. Nxe6 fxe6 33. Kg2 Rd4
34. Kf3 Rd3+ 35. Kg2 Kf7 36. a3 Be7 37. Be3 Rd5 38. f4 a5 39. Kf3 Rb5 40. Bd4
Rb3+ 41. Kg2 Rd3 42. Bc3 b6 43. Nf2 Rd7 44. f5 Rc7 45. Kf3 Bxa3 46. Ke4 Bb4 47.
Nd1 Bxc3 48. Nxc3 Rc4+ 49. Ke3 Rb4 50. Nd1 Rb3+ 51. Kd4 Rxh3 52. Ne3 Rh2 53. b3
Rb2 54. Kc4 b5+ 55. Kc3 Rf2 56. Kd3 Rf3 57. Ke4 Rxe3+ 58. Kxe3 exf5 59. gxf5 h5
60. Ke4 h4 61. e6+ Ke7 62. Kf4 a4 63. bxa4 bxa4 64. Kg4 a3 65. Kxh4 a2 66. Kg5
a1=Q 67. Kg6 Qf6+ 68. Kh5 Qxf5+ 69. Kh4 Qg6 70. Kh3 Kxe6 71. Kh2 Kf5 72. Kh1 Kf4
73. Kh2 Kf3 74. Kh1 Qg2# 0-1

[Event "ch-FRA Blitz Online Qual"]
[Site "Europe-Chess INT"]
[Date "2020.05.16"]
[Round "15"]
[White "Saba, Nathalie"]
[Black "Monnot, Leo"]
[Result "1-0"]
[WhiteElo "1626"]
[BlackElo "1964"]
[WhiteFideId "26095939"]
[BlackFideId "26093103"]
[EventDate "2020.05.16"]

1. e4 e5 2. Nf3 Nc6 3. Bb5 a6 4. Ba4 Nf6 5. O-O Be7 6. Re1 b5 7. Bb3 d6 8. c3
O-O 9. h3 Na5 10. Bc2 c5 11. d4 Nd7 12. Be3 Nc4 13. b3 Nxe3 14. Rxe3 exd4 15.
cxd4 cxd4 16. Nxd4 Bf6 17. Nc3 Bb7 18. Nd5 Bxd5 19. exd5 Qb6 20. Rd3 Ne5 21. Rd2
Rac8 22. Rc1 Bg5 23. Be4 Rxc1 24. Qxc1 Qxd4 25. Rxd4 Bxc1 26. a4 f5 27. Bf3
Nxf3+ 28. gxf3 bxa4 29. Rxa4 Rb8 30. Rxa6 Bf4 31. Ra3 Rb5 32. Kf1 Rxd5 33. Ra4
g5 34. Rb4 Rd1+ 35. Ke2 Re1+ 36. Kxe1 Kf7 37. Rb7+ Kg6 38. b4 Be5 39. b5 h5 40.
b6 g4 41. fxg4 fxg4 42. hxg4 h4 43. Kf1 Kg5 44. f3 h3 45. Rh7 h2 46. b7 d5 47.
Rh5+ Kf4 48. Kg2 Bc7 49. Rxh2 d4 50. Rh8 d3 51. b8=Q Bxb8 52. Rxb8 d2 53. Rd8
Ke3 54. Rxd2 Kxd2 55. g5 Ke3 56. g6 1-0

[Event "ch-FRA Blitz Online Qual"]
[Site "Europe-Chess INT"]
[Date "2020.05.16"]
[Round "15"]
[White "Burgalat, Eliot"]
[Black "Salami, Reza"]
[Result "1-0"]
[WhiteElo "1963"]
[BlackElo "1882"]
[WhiteFideId "36068659"]
[BlackFideId "618659"]
[EventDate "2020.05.16"]

1. Nf3 d5 2. d4 Nf6 3. c4 Bg4 4. Nc3 e6 5. e3 Nbd7 6. Be2 c6 7. O-O Bd6 8. b3
O-O 9. Bb2 Ne4 10. Nxe4 dxe4 11. Ne5 Bf5 12. Rc1 f6 13. Nxd7 Qxd7 14. Bg4 Bxg4
15. Qxg4 f5 16. Qe2 Qf7 17. f4 exf3 18. Rxf3 Rae8 19. e4 Qh5 20. e5 Be7 21. Qd3
Bg5 22. Rcf1 Rd8 23. Ba3 Rf7 24. Rh3 Qg6 25. Rff3 f4 26. Qxg6 hxg6 27. Bd6 Rdd7
28. Kf2 Be7 29. c5 Bd8 30. Ke2 Ba5 31. g3 g5 32. Rh5 Bd8 33. gxf4 Rxf4 34. Rxf4
gxf4 35. Kf3 g5 36. Rh6 Kf7 37. Kg4 Kg7 38. Rxe6 Kf7 39. Rh6 Kg7 40. Rh3 Rf7 41.
e6 Rf6 42. e7 Bxe7 43. Bxe7 Re6 44. Bxg5 Rg6 45. Kxf4 Kf7 46. Rh7+ Ke6 47. h4
Kd5 48. Rd7+ Ke6 49. Rd6+ 1-0

[Event "ch-FRA Blitz Online Qual"]
[Site "Europe-Chess INT"]
[Date "2020.05.16"]
[Round "15"]
[White "Boulos, Carlos"]
[Black "Menjra, Yanis"]
[Result "1-0"]
[WhiteElo "2147"]
[BlackElo "1489"]
[WhiteFideId "5302749"]
[BlackFideId "45155500"]
[EventDate "2020.05.16"]

1. e4 e5 2. Nf3 Nc6 3. Nc3 Nf6 4. Bb5 d6 5. d4 exd4 6. Nxd4 Bd7 7. Bxc6 Bxc6 8.
Nxc6 bxc6 9. Qd3 g6 10. Bg5 Bg7 11. O-O-O Qd7 12. e5 Nd5 13. Nxd5 cxd5 14. Qxd5
O-O 15. Bf6 Qf5 16. Bxg7 Kxg7 17. exd6 cxd6 18. Qxf5 gxf5 19. Rxd6 Rfe8 20. Rhd1
Rac8 21. c3 Rb8 22. Kc2 Re2+ 23. R6d2 Re6 24. b3 Rbe8 25. c4 f4 26. Kc3 a5 27.
a3 Rf6 28. f3 Re3+ 29. Rd3 Rfe6 30. b4 axb4+ 31. axb4 Re2 32. R1d2 Rxd2 33. Rxd2
Re3+ 34. Kd4 Rb3 35. Kc5 Kf8 36. b5 Ke7 37. Kc6 Rb4 38. c5 Rb3 39. b6 Ra3 40.
Kc7 Ra8 41. b7 Ra7 42. Kb6 Ra3 43. b8=Q Rb3+ 44. Kc7 Rxb8 45. Kxb8 Kf6 46. c6
Kg6 47. c7 h5 48. c8=Q h4 49. Qg8+ Kf6 50. Rd6+ Ke7 51. Qd8# 1-0

[Event "ch-FRA Blitz Online Qual"]
[Site "Europe-Chess INT"]
[Date "2020.05.16"]
[Round "15"]
[White "Labelle, Ambroise"]
[Black "Cassam-Chenai, Antoine"]
[Result "1/2-1/2"]
[WhiteElo "1952"]
[BlackElo "1839"]
[WhiteFideId "26092050"]
[BlackFideId "36087866"]
[EventDate "2020.05.16"]

1. e4 c5 2. Nf3 e6 3. c4 Nc6 4. Nc3 Nf6 5. Be2 Nd4 6. d3 Be7 7. O-O O-O 8. a3 d6
9. b4 b6 10. Be3 Nxf3+ 11. Bxf3 Bb7 12. Be2 e5 13. f4 exf4 14. Bxf4 Nd7 15. Nd5
Ne5 16. Bxe5 dxe5 17. b5 Bg5 18. Rf5 Bxd5 19. exd5 Be3+ 20. Kh1 Bd4 21. Ra2 Re8
22. Qf1 f6 23. g4 e4 24. h3 exd3 25. Bxd3 Re3 26. Re2 Qe7 27. d6 Qxd6 28. Rxe3
Bxe3 29. Qf3 Re8 30. Rd5 Qf4 31. Kg2 Qxf3+ 32. Kxf3 Bd4 33. Be4 h6 34. Rd7 g6
35. Rxa7 f5 36. gxf5 gxf5 37. Bxf5 Re3+ 38. Kf4 Rc3 39. h4 Be3+ 40. Ke5 Bc1 41.
a4 Bb2 42. Be6+ Kf8 43. Kf5 Rf3+ 44. Kg4 Re3 45. Bd5 Bc3 46. Rb7 Ba5 47. Kf5 Rg3
48. Kf6 Ke8 49. Ke6 Rg6+ 50. Kf5 Rg1 51. Rh7 Rf1+ 52. Ke6 Re1+ 53. Kd6 Bc3 54.
Rxh6 Rg1 55. Re6+ Kd8 56. Re3 Rg6+ 57. Re6 Rg1 58. Bc6 Rd1+ 59. Bd5 Rg1 1/2-1/2